| 000 | 00927nam a2200169 a 4500 | ||
|---|---|---|---|
| 008 | 120416s1952 ||||||||||||||||| || u | ||
| 050 | _aNA 2635 For | ||
| 100 | _aHamlin, Talbot | ||
| 245 | 1 | 0 |
_aForms and functions of 20th century architecture _cedited by Talbot Hamlin |
| 260 |
_aNew York _bColumbia University Press _c1952 |
||
| 300 | _a4 vols. : ill. | ||
| 350 | _a0.00 | ||
| 995 |
_aREFERENCE BOOKS _D0.00 _e719987 _FCBU-MAIN LIBRARY (Kitwe) _H1 _I160.00 _jNA 2635 For _M1 _UREFERENCE _y022877 _ZReference Collection |
||
| 995 |
_aREFERENCE BOOKS _D0.00 _e719990 _FCBU-MAIN LIBRARY (Kitwe) _H4 _I160.00 _jNA 2635 For _M4 _UREFERENCE _y022880 _ZReference Collection |
||
| 995 |
_aREFERENCE BOOKS _D0.00 _e719988 _FCBU-MAIN LIBRARY (Kitwe) _H2 _I160.00 _jNA 2635 For _M2 _UREFERENCE _y022878 _ZReference Collection |
||
| 995 |
_aREFERENCE BOOKS _D0.00 _e719989 _FCBU-MAIN LIBRARY (Kitwe) _H3 _I160.00 _jNA 2635 For _M3 _UREFERENCE _y022879 _ZReference Collection |
||
| 999 |
_c63250 _d63250 |
||